<?xml version="1.0" encoding="UTF-8"?><?xml-stylesheet type="text/xsl" href="static/style.xsl"?><OAI-PMH xmlns="http://www.openarchives.org/OAI/2.0/" xmlns:xsi="http://www.w3.org/2001/XMLSchema-instance" xsi:schemaLocation="http://www.openarchives.org/OAI/2.0/ http://www.openarchives.org/OAI/2.0/OAI-PMH.xsd"><responseDate>2026-04-13T02:36:34Z</responseDate><request verb="GetRecord" identifier="oai:www.recercat.cat:2072/261936" metadataPrefix="marc">https://recercat.cat/oai/request</request><GetRecord><record><header><identifier>oai:recercat.cat:2072/261936</identifier><datestamp>2025-03-11T16:33:50Z</datestamp><setSpec>com_2072_220028</setSpec><setSpec>com_2072_4427</setSpec><setSpec>col_2072_220407</setSpec></header><metadata><record xmlns="http://www.loc.gov/MARC21/slim" xmlns:dcterms="http://purl.org/dc/terms/" xmlns:xsi="http://www.w3.org/2001/XMLSchema-instance" xmlns:doc="http://www.lyncode.com/xoai" xsi:schemaLocation="http://www.loc.gov/MARC21/slim http://www.loc.gov/standards/marcxml/schema/MARC21slim.xsd">
   <leader>00925njm 22002777a 4500</leader>
   <datafield ind2=" " ind1=" " tag="042">
      <subfield code="a">dc</subfield>
   </datafield>
   <datafield ind2=" " ind1=" " tag="720">
      <subfield code="a">Bertral Arias, Anna</subfield>
      <subfield code="e">author</subfield>
   </datafield>
   <datafield ind2=" " ind1=" " tag="720">
      <subfield code="a">Font Rosselló, Bernat</subfield>
      <subfield code="e">author</subfield>
   </datafield>
   <datafield ind2=" " ind1=" " tag="260">
      <subfield code="c">2008</subfield>
   </datafield>
   <datafield ind2=" " ind1=" " tag="520">
      <subfield code="a">En aquest article es mostren les tasques de restauració dutes a terme sobre les peces d'indústria lítica en sílex i corniana procedents del jaciment prehistòric de La Cansaladeta (La Riba, Alt Camp). La principal peculiaritat d'aquestes peces rau en què es troben en un deplorable estat de conservació si tenim en compte el material del que es tracta. Per això també es dedica una part important de l'article a descriure les possibles causes i agents de degradació d'aquests materials.</subfield>
   </datafield>
   <datafield ind1="8" ind2=" " tag="024">
      <subfield code="a">Bertral, A.; Font, B. (2008) "Conservació – restauració de la indústria lítica en sílex i corniana del jaciment del Plistocè Mitjà Català de La Cansaladeta.", Unicum: revista de l'Escola Superior de Conservació i Restauració de Béns Culturals de Catalunya., 7, p. 66-77</subfield>
   </datafield>
   <datafield ind1="8" ind2=" " tag="024">
      <subfield code="a">http://hdl.handle.net/2072/261936</subfield>
   </datafield>
   <datafield ind2="0" ind1="0" tag="245">
      <subfield code="a">Conservació - restauració de la indústria lítica en sílex i corniana del jaciment del Plistocè Mitjà Català de La Cansaladeta</subfield>
   </datafield>
</record></metadata></record></GetRecord></OAI-PMH>